02569cam a2200529 i 4500001001200000003000600012005001700018008004100035020004800076035002200124035002300146040009100169045001700260046002100277245028700298260012000585300002400705336002700729337005400756338002800810380001600838380002300854388001400877388001400891388001400905388001000919490011200929504004701041648001901088648001901107650001901126650004101145650004701186650005701233650004701290650011301337650009601450651003901546655002001585655001701605655003501622658001301657700004901670710013301719710010601852830008101958xx004959788NUKAT20260430102958.0201001s2020 pl g |001 0 pol c a9788380989344q(oprawa twarda) :czł 45,00 a(OCoLC)1424311641 a(NUKAT)xx004959788 aLUBL KUL/MRbpolerdacLUBL KUL/MRdLUBL KUL/SKsdPOZN U/EMsdWA 14/ABsdOLSZT 008/bak2 bd1939bd1945 k2020o1946p200200aRelacje o pomocy udzielanej Żydom przez Polaków w latach 1939-1945.nT. 3,pDystrykt lubelski Generalnego Gubernatorstwa /cwybór i opracowanie Sebastian Piątkowski ; Instytut Pamięci Narodowej. Komisja Ścigania Zbrodni przeciwko Narodowi Polskiemu. Oddział w Lublinie. aLublin ;aWarszawa :bInstytut Pamięci Narodowej. Komisja Ścigania Zbrodni przeciwko Narodowi Polskiemu,c2020. a460 stron ;c25 cm. aTekstbtxt2rdacontent aBez urządzenia pośredniczącegobn2rdamedia aWoluminbnc2rdacarrier aKsiążki aPublikacje naukowe1 a1901-20001 a1945-19891 a1989-20001 a2001-1 aCentralny Projekt Badawczy IPN Dzieje Żydów w Polsce oraz Relacje Polsko-Żydowskie w Latach 1914-1989 aBibliografia na stronach 427-431. Indeksy. 7a1901-20002DBN 7a1939-19452DBN 7aHolokaust2DBN 7aII wojna światowa (1939-1945)2DBN 7aOkupacja niemiecka Polski (1939-1945)2DBN 7aRatowanie Żydów i pomoc Żydom (1939-1945)2DBN 7aUkrywanie się Żydów (1939-1945)2DBN 7aWojna światowa (1939-1945)xŻydzixratowaniezPolskazLublin (region)vrelacje osobiste Polaków.2kaba 7aWojna światowa (1939-1945)xŻydzixratowaniezPolskavrelacje osobiste Polaków.2kaba 7aDystrykt lubelski (1939-1944)2DBN 7aProtokoły2DBN 7aRelacja2DBN 7aWydawnictwo źródłowe2DBN aHistoria1 aPiątkowski, Sebastiand(1970- ).eRedakcja2 aInstytut Pamięci Narodowej - Komisja Ścigania Zbrodni przeciwko Narodowi Polskiemu.bOddział (Lublin).eInstytucja sprawcza2 aInstytut Pamięci Narodowej - Komisja Ścigania Zbrodni przeciwko Narodowi Polskiemu.eWydawca4pbl 0aDzieje Żydów w Polsce oraz Relacje Polsko-Żydowskie w Latach 1914-1989